Focus: Africa: Not one country, but more than 50 (Record no. 65709)
[ view plain ]
| 000 -LEADER | |
|---|---|
| fixed length control field | 01033cam a2200193 4500 |
| 001 - CONTROL NUMBER | |
| control field | ABS63318 |
| 008 - FIXED-LENGTH DATA ELEMENTS--GENERAL INFORMATION | |
| fixed length control field | 000000n2000 000 0 eng u |
| 035 ## - SYSTEM CONTROL NUMBER | |
| System control number | (Sirsi) u110186 |
| 100 ## - MAIN ENTRY--PERSONAL NAME | |
| Personal name | Jacoby, C |
| 245 ## - TITLE STATEMENT | |
| Title | Focus: Africa: Not one country, but more than 50 |
| 260 ## - PUBLICATION, DISTRIBUTION, ETC. | |
| Date of publication, distribution, etc. | 2000 |
| 490 ## - SERIES STATEMENT | |
| Series statement | Estates Gazette |
| Volume/sequential designation | (0050) 16 December 2000, 62-65(1) |
| 520 ## - SUMMARY, ETC. | |
| Summary, etc. | Reports on the wide range of possibilities for property investors, from funds to single projects, in Africa. The main interest is in indirect investment which provides a more secure form of investment; this means that property funds are more prominent at present. There is also scope for investing in single projects. The article provides opinions and recommendations from a variety of companies that have operations in various African countries with warnings as well as encouragement and advice; Africa, however, is still attracting investors. |
| 590 ## - LOCAL NOTE (RLIN) | |
| Local note | ABS |
| 650 ## - SUBJECT ADDED ENTRY--TOPICAL TERM | |
| Topical term or geographic name entry element | INVESTMENT MARKET |
| 650 ## - SUBJECT ADDED ENTRY--TOPICAL TERM | |
| Topical term or geographic name entry element | AFRICA |
| 690 ## - LOCAL SUBJECT ADDED ENTRY--TOPICAL TERM (OCLC, RLIN) | |
| Topical term or geographic name as entry element | INTERNATIONAL-AFRICA |
| 942 ## - ADDED ENTRY ELEMENTS (KOHA) | |
| Suppress in OPAC | 0 |
| Withdrawn status | Lost status | Source of classification or shelving scheme | Damaged status | Not for loan | Home library | Current library | Shelving location | Date acquired | Total Checkouts | Full call number | Barcode | Date last seen | Copy number | Price effective from | Koha item type |
|---|---|---|---|---|---|---|---|---|---|---|---|---|---|---|---|
| Dewey Decimal Classification | London | London | Journal article | 05/01/2001 | ABS63318 | 110186-1001 | 06/08/2019 | 1 | 06/08/2019 | Journal article |